=LDR 00000nam 2200000 4500 =001 INLIS000000000013244 =005 20130612104652 =008 ***********************************Ind** =035 ##$$0010-061300000013244 =041 ##$$a Ind =082 ##$$a 510 =090 ##$$a 510, Van m =100 ##$$a Vancleaves, Janice =245 ##$$a Matematika untuk anak, Janice Vancleaves =260 ##$$a 2003 $b Bandung =300 ##$$a 215 hlm, ilus, 21 cm =650 ##$$a Matematika =850 ##$$a NBPNMAT